Forestry Commission Annual Report, 2019 (Record no. 5846)

MARC details
000 -LEADER
fixed length control field 00497nam a22001697a 4500
003 - CONTROL NUMBER IDENTIFIER
control field OSt
005 - DATE AND TIME OF LATEST TRANSACTION
control field 20251217111018.0
008 - FIXED-LENGTH DATA ELEMENTS--GENERAL INFORMATION
fixed length control field 251217b |||||||| |||| 00| 0 eng d
041 ## - LANGUAGE CODE
Language code of text/sound track or separate title English
082 ## - DEWEY DECIMAL CLASSIFICATION NUMBER
Classification number Acc No. 090 Class No. PER/090/19
110 ## - MAIN ENTRY--CORPORATE NAME
Corporate name or jurisdiction name as entry element Forestry Commission
245 ## - TITLE STATEMENT
Title Forestry Commission Annual Report, 2019
260 ## - PUBLICATION, DISTRIBUTION, ETC.
Place of publication, distribution, etc. Accra:
Name of publisher, distributor, etc. Forestry Commission,
Date of publication, distribution, etc. 2019.
300 ## - PHYSICAL DESCRIPTION
Extent 69p., graphs, tabs
653 ## - INDEX TERM--UNCONTROLLED
Uncontrolled term 1. Annaul report 2019 2. Forestry Commission
942 ## - ADDED ENTRY ELEMENTS (KOHA)
Source of classification or shelving scheme Dewey Decimal Classification
Koha item type Periodicals
Suppress in OPAC No
Holdings
Withdrawn status Lost status Source of classification or shelving scheme Damaged status Not for loan Home library Current library Shelving location Date acquired Total checkouts Full call number Date last seen Copy number Price effective from Koha item type
    Dewey Decimal Classification     Main Library Main Library Open Shelves 17/12/2025   PER/090/19 17/12/2025 C1 17/12/2025 Periodicals
©2026  Parliament of Ghana Library - All rights reserved